• 首页
  • 本馆介绍
  • 公告通知
  • 最新文献
  • 馆藏检索
  • 电子资源
  • 读者导购
  • 参考咨询
  • 我的图书馆
  • 登录
  • 详细信息显示
  • 放入我的书架
  • 预约/预借图书
  • 作者相关作品
  • 分类相关作品
  • 丛书相关作品
  • 出版社相关作品

书目信息

  • 表格格式
  • 工作单格式
  • 卡片格式
题名:
贝尔实验室与美国革新大时代
    
 
作者: 格特纳 著 ;王勇 译
分册:  
出版信息: 北京   中信出版集团股份有限公司  2016
页数: 322页
开本: 24cm
丛书名:
单 册:
中图分类: F171.24
科图分类:
主题词: 通信--tong xin--实验室--影响--经济发展--研究--美国
电子资源:
ISBN: 978-7-5086-5589-5
000 01156nam0 2200265 450
001 CAL 0120141312122
005 20170621151035.87
010    @a978-7-5086-5589-5@b@dCNY58.00
100    @a20160203d2016 em y0chiy50 ea
101 1  @achi@ceng
102    @aCN@b110000
105    @ay z 000yy
106    @ar
200 1  @a贝尔实验室与美国革新大时代@Abei er shi yan shi yu mei guo ge xin da shi dai@f乔恩·格特纳著@d= The idea factory bell labs and the great age of american innovation@fJon Gertner@g王勇译@zeng
210    @a北京@c中信出版集团股份有限公司@d2016
215    @a322页@c@d24cm
330    @a本书共分为两部分, 二十章, 主要内容包括: 油滴实验 ; 从西部到东部 ; 系统 ; 战争 ; 固态研究 ; 信息学家 ; 魔法屋 ; 人与机器 ; 公式 ; 硅 ; 帝国 ; 激励者 ; 在克劳福德山上 ; 真实的和想象的未来等。
500 10 @aIdea factory bell labs and the great age of american innovation@mChinese
606 0  @a通信@Atong xin@x实验室@x影响@x经济发展@x研究@y美国
690    @aF171.24@v5
701  1 @a格特纳@Age te na@g(Gertner, Jon)@4著
702  0 @a王勇@Awang yong@4译
801  0 @aCN@bZHONGJIAO@c20170609@g
905    @aBZT@dF171.24@e6
906    @dCNY58.00@n3@r1
    
    贝尔实验室与美国革新大时代/乔恩·格特纳著= The idea factory bell labs and the great age of american innovation/Jon Gertner/王勇译.-北京:中信出版集团股份有限公司,2016
    322页;24cm
    
    
    ISBN 978-7-5086-5589-5:CNY58.00
    本书共分为两部分, 二十章, 主要内容包括: 油滴实验 ; 从西部到东部 ; 系统 ; 战争 ; 固态研究 ; 信息学家 ; 魔法屋 ; 人与机器 ; 公式 ; 硅 ; 帝国 ; 激励者 ; 在克劳福德山上 ; 真实的和想象的未来等。
●
相关链接 在五车中查询图书 在当当中查询图书 在豆瓣中查询图书


正题名:贝尔实验室与美国革新大时代     索取号:F171.24/6         预约/预借

序号 登录号 条形码 馆藏地/架位号 状态 备注
1 832226   2000832226   第二书库/ [索取号:F171.24/6] 在馆    
2 832227   2000832227   第二书库/ [索取号:F171.24/6] 在馆    
3 832228   2000832228   第二书库/ [索取号:F171.24/6] 在馆    
山东省滨州职业学院图书馆 欢迎您!
大连网信软件有限公司© 版权所有